000 00769nam a2200253Ia 4500
003 GCL
005 20240530104523.0
008 140319s9999 xx 000 0 ara d
040 _aGCL /
_cGCL
082 0 4 _a634.8
_bب و
100 1 _aبيرسون، روجر
245 1 0 _aالوجيز فى امراض العنب /
_cبيرسون، روجر
300 _a469 ص
490 _aالهيئة العامة للاستعلامات
_v0
650 0 4 _aالزراعة
650 0 4 _aالعنب
650 0 4 _aزراعة الفاكهة
650 0 4 _aالنبيذ
650 0 4 _aالعنب - الاستخدام العلاجى
700 1 _aجوهين، اوستين
700 1 _aجميل فهيم سوريال
700 1 _aاحمد زكى على
942 _2ddc
_cBK
999 _c48311
_d48311